00401nam a2200109Ia 4500008004100000020002200041100002100063245010100084260005300185300002000238500003300258200626s9999 xx 000 0 und d a978-981-4253-38-3 aMorris, Karen L. cKaren L. Morris, Norman G. Cournoyer, Anthony G. Marshall.--aHotel, restaurant, and travel law/ aPasig City:bCengage Learning Asia Pte Ltdc2008 axxiv, 744 pages aIncludes Appendix, and Index